| 000 | 00499nam a22001697a 4500 | ||
|---|---|---|---|
| 005 | 20251108165436.0 | ||
| 008 | 250721s9999 xx 000 0 ara d | ||
| 082 | 1 | 4 | _aم/214.2/كثي |
| 100 | 1 | _aإبن كثير، عماد الدين إسماعيل | |
| 245 | 1 | 0 | _aتهذيب قصص الأنبياء / |
| 264 | 1 |
_aحلب : _bدار الوعي، _c[19-]. |
|
| 300 | _a364ص | ||
| 650 | 1 | 7 | _aالإسلام |
| 650 | 1 | 7 | _aأصول الدين الإسلامي |
| 942 |
_2ddc _cREF |
||
| 999 |
_c28038 _d28038 |
||